000 00920cam a2200277 4500
008 090401t2000 xxu||||| |||| 00| 0 eng d
020 _a1902558073
035 _a(Sirsi) u99579
041 _aeng
050 _a639.9
100 _aJones, Karen V.
245 _aConservation and land use.
260 _aBembridge, IOW
_bPalladian Law Publishing
_c2000
300 _axviii,147p. ; 24cm.
350 _a39.00
520 _aDescribes the statutory and regulatory provisions aimed at protecting land, habitat, natural resources, plants and animals. Covers both UK and EU law.
650 _aNATURE CONSERVATION
650 _aCONSERVATION (NATURAL HABITATS, ETC) REGULATIONS 1994
650 _aSITES OF SPECIAL SCIENTIFIC INTEREST
650 _aSITES OF SPECIAL SCIENTIFIC INTEREST
650 _aFARMING
650 _aHEDGEROWS
690 _aRURAL-NATURE CONSERVATION
942 _n0
948 _c13/10/1998
999 _c99393
_d99393